| 000 | 00843nam a2200229 i 4500 | ||
|---|---|---|---|
| 001 | 141940 | ||
| 003 | ES-MaACL | ||
| 005 | 20230906200414.0 | ||
| 007 | t| | ||
| 008 | 071001m19551958sp ||||1| cat d | ||
| 080 | _a39(460.237 Reus) | ||
| 100 | 1 |
_aViolant i Simorra, Ramon. _9115413 |
|
| 245 | 1 | 0 |
_aEtnografía de Reus i la seva comarca _b: el camp, la conca de Barberá, el Priorat / _cRamón Violant i Simorra ; dibuxos a la ploma de Ramón Noé i Hierro. |
| 260 |
_aReus : _bAsociación de estudios Reusenses, _c1955-1958. |
||
| 300 |
_a5 v. ; _c25 cm. |
||
| 490 | 1 |
_aEdiciones "Rosa de Reus" ; _v12, 15 y 17 |
|
| 651 | 4 |
_aReus- _xUsos y costumbres. _99308 |
|
| 700 | 1 |
_aNoé i Hierro, Ramon. _985821 |
|
| 830 | 0 |
_aEdiciones "Rosa de Reus" ; _v12, 15 y 17 _9220456 |
|
| 852 |
_aES-MaACL _jP-848 _bR.39236 |
||
| 999 |
_c141940 _d141940 |
||